[Event "Azov"]
[Site "Azov"]
[Date "1993.??.??"]
[Round "?"]
[White "Nielsen, Peter Heine"]
[Black "Berelovich, Aleksandar"]
[Result "1/2-1/2"]
[WhiteElo "2465"]
[BlackElo "2510"]

1.e4 d6 2.d4 Nf6 3.f3 g6 4.c4 c5 5.Ne2 Bg7 6.Be3 cxd4 7.Nxd4 O-O 8.Nc3 Nc6
9.Qd2 Nxd4 10.Bxd4 Be6 11.Be2 Rc8 12.b3 Qa5 13.Rb1 Nh5 14.Bxg7 Nxg7 15.Nd5 Qxd2+
16.Kxd2 Rfe8 17.Rbc1 f5 18.Bd3 Kf7 19.Ne3 Bd7 20.exf5 Nxf5 21.Be4 Nxe3 22.Kxe3 Bc6
23.Rhd1 Bxe4 24.Kxe4 Rc6 25.Kd3 Rec8 26.Rc2 b5 27.Rdc1 b4 28.Re1 Rc5 29.Re4 a5
30.Rce2 R8c7 31.Rf4+ Kg7 32.Rfe4 Kf6 33.Rf4+ Rf5 34.Rxf5+ gxf5 35.a3 bxa3
36.Ra2 e5 37.Rxa3 Rc5 38.Ra1 h5 39.g3 Ke6 40.f4 Kd7 41.Rf1 e4+ 42.Kd4 Kc6
43.Rc1 Kb6 44.Rd1 Kc6 45.Rc1 Kd7 46.Ra1 Kc6  1/2-1/2

[Event "Azov"]
[Site "Azov"]
[Date "1993.??.??"]
[Round "?"]
[White "Nielsen, Peter Heine"]
[Black "Pushkov, Nikolai"]
[Result "1/2-1/2"]
[WhiteElo "2465"]
[BlackElo "2485"]

1.e4 e6 2.d4 d5 3.Nd2 dxe4 4.Nxe4 Nd7 5.Nf3 Ngf6 6.Nxf6+ Nxf6 7.Bd3 c5 8.O-O cxd4
9.Nxd4 Bc5 10.Nb3 Bd6 11.Bg5 Bd7 12.Qe2 Qc7 13.Kh1 Be5 14.c3 h6 15.Bd2 Bf4
16.Rad1 O-O 17.Nd4 Rfd8 18.Bxf4 Qxf4 19.Nf3 Ba4 20.Bc2 Bc6 21.Qe5 Qxe5 22.Nxe5 Be4
23.Bb3  1/2-1/2

[Event "Azov"]
[Site "Azov"]
[Date "1993.??.??"]
[Round "?"]
[White "Nielsen, Peter Heine"]
[Black "Psaras, Stilianos"]
[Result "1-0"]
[WhiteElo "2465"]
[BlackElo "2210"]

1.e4 e6 2.d4 d5 3.Nd2 Nf6 4.e5 Nfd7 5.c3 c5 6.Bd3 Nc6 7.Ne2 cxd4 8.cxd4 f6
9.exf6 Nxf6 10.Nf3 Bd6 11.Bf4 O-O 12.O-O Qc7 13.Bxd6 Qxd6 14.Re1 g6 15.Bb5 Ne4
16.Bxc6 bxc6 17.Nc3 Qf4 18.Qe2 Rb8 19.Rac1 Rb4 20.a3 Rc4 21.Qe3 Ba6 22.Nxe4 dxe4
23.Ne5 Rxc1 24.Rxc1 Qh4 25.Rxc6 Bb7 26.Rc7 Bd5 27.Qg3 Qh6 28.Qe3 Qh5 29.h3 a5
30.Ng4 Qh4 31.b4 axb4 32.axb4 g5 33.b5  1-0

[Event "Azov"]
[Site "Azov"]
[Date "1993.??.??"]
[Round "?"]
[White "Obukhov, Alexander"]
[Black "Nielsen, Peter Heine"]
[Result "1/2-1/2"]
[WhiteElo "2490"]
[BlackElo "2465"]

1.d4 Nf6 2.c4 e6 3.Nc3 Bb4 4.e3 O-O 5.Bd3 d5 6.cxd5 exd5 7.Ne2 Re8 8.O-O Bd6
9.h3 h6 10.a3 a6 11.Bc2 b6 12.f3 c5 13.g4 Ra7 14.Qe1  1/2-1/2

[Event "Budapest FS02 GM"]
[Site "Budapest"]
[Date "1993.??.??"]
[Round "?"]
[White "Urban, Julian"]
[Black "Nielsen, Peter Heine"]
[Result "1-0"]
[WhiteElo "2390"]
[BlackElo "2440"]

1.Nf3 c5 2.g3 Nc6 3.Bg2 g6 4.O-O Bg7 5.d3 d6 6.c4 Nf6 7.Nc3 O-O 8.a3 Rb8
9.Rb1 b6 10.b4 Bb7 11.e3 Nd7 12.Ne4 Nf6 13.Nfg5 Nxe4 14.Nxe4 Qd7 15.f4 e6
16.Bb2 f5 17.Bxg7 Qxg7 18.Nxd6 Ba8 19.Qc2 a6 20.b5 axb5 21.Nxb5 Rfd8 22.Rfd1 Rd7
23.Qc3 Qe7 24.d4 cxd4 25.exd4 Rbd8 26.Qe3 Na5 27.Bxa8 Rxa8 28.Rbc1 Nb7 29.Re1 Nd6
30.Nxd6 Rxd6 31.d5 Kf7 32.Rb1 Ra6 33.Qe5 Ra8 34.dxe6+ Rxe6 35.Qxe6+ Qxe6
36.Rxe6 Kxe6 37.Rxb6+ Ke7 38.Rb7+ Ke6 39.Rb6+ Ke7 40.Rb3 Kd6 41.Rb7 Ke6 42.Rxh7 Rxa3
43.Rg7 Kf6 44.Rc7 Rc3 45.c5 Rc2 46.c6 Rc1+ 47.Kg2 Rc2+ 48.Kh3 Rc4 49.Rc8 Kg7
50.Kh4 Kh6 51.c7 g5+ 52.Kh3 g4+ 53.Kg2 Kg7 54.Kf2  1-0

[Event "Budapest FS02 GM"]
[Site "Budapest"]
[Date "1993.??.??"]
[Round "?"]
[White "Nielsen, Peter Heine"]
[Black "Lengyel, Levente"]
[Result "1-0"]
[WhiteElo "2440"]
[BlackElo "2385"]

1.e4 e5 2.Nf3 Nc6 3.Bb5 a6 4.Ba4 Nf6 5.O-O Be7 6.Re1 b5 7.Bb3 d6 8.c3 O-O
9.h3 Nd7 10.d4 Bf6 11.a4 Na5 12.Bc2 Nb6 13.axb5 axb5 14.Bd3 c6 15.dxe5 dxe5
16.b4 Nac4 17.Rxa8 Nxa8 18.Bxc4 bxc4 19.Qa4 Bb7 20.Be3 Nc7 21.Na3 Ne6 22.Nxc4 c5
23.Bxc5 Nxc5 24.bxc5 Qc7 25.Nd6 Bc6 26.Qc4 Bd7 27.Rb1 Bc6 28.Nh2 h5 29.Nf1 Bg5
30.Re1 Bd7 31.Rb1 Bc6 32.Qb4 g6 33.Nh2 Kg7 34.Nf3 Bf6 35.Nd2  1-0

[Event "Budapest FS02 GM"]
[Site "Budapest"]
[Date "1993.??.??"]
[Round "?"]
[White "Nielsen, Peter Heine"]
[Black "Lyrberg, Patrik"]
[Result "0-1"]
[WhiteElo "2440"]
[BlackElo "2395"]

1.e4 e6 2.d4 d5 3.Nc3 dxe4 4.Nxe4 Bd7 5.Nf3 Bc6 6.Bd3 Nd7 7.Qe2 Ngf6 8.Nxf6+ Nxf6
9.c3 Be7 10.Ne5 Qd5 11.Rg1 O-O 12.Bd2 Be8 13.g4 c5 14.g5 Nd7 15.Be4 Qd6 16.Bf4 cxd4
17.O-O-O Rc8 18.Kb1 Qb6 19.Nxd7 Bxd7 20.Be5 Bc6 21.Bxh7+ Kxh7 22.Qh5+ Kg8
23.Rxd4 Ba3 24.Qe2 Bf3 25.Qd2 Bh5 26.g6 fxg6 27.Ka1 Qb5  0-1

[Event "Budapest FS02 GM"]
[Site "Budapest"]
[Date "1993.??.??"]
[Round "?"]
[White "Nielsen, Peter Heine"]
[Black "Pedersen, Steffen"]
[Result "1-0"]
[WhiteElo "2440"]
[BlackElo "2390"]

1.e4 e5 2.Nf3 d6 3.Bc4 Be6 4.Bxe6 fxe6 5.d4 exd4 6.Nxd4 Qf6 7.Qh5+ Qf7 8.Qh3 Kd7
9.Nc3 Ne7 10.Be3 Nbc6 11.Nf3 h6 12.O-O-O Re8 13.Rhf1 Kc8 14.Ng5 hxg5 15.Qxh8 Ng6
16.Qh5 Be7 17.Bxg5 Rh8 18.Qg4 Bxg5+ 19.Qxg5 Rxh2 20.f4 Qf6 21.Qg3 Rh5 22.Kb1 a6
23.e5 dxe5 24.Ne4 Qf5 25.fxe5 Qxe4 26.Qxg6 Qxg6 27.Rf8+ Nd8 28.Rfxd8+  1-0

[Event "Copenhagen op15"]
[Site "Copenhagen"]
[Date "1993.??.??"]
[Round "5"]
[White "Kristensen, Kaare"]
[Black "Nielsen, Peter Heine"]
[Result "1/2-1/2"]
[WhiteElo "2295"]
[BlackElo "2440"]

1.d4 Nf6 2.c4 e6 3.Nf3 b6 4.g3 Bb7 5.Bg2 Be7 6.Nc3 O-O 7.Qc2 c5 8.d5 exd5
9.Nh4 g6 10.cxd5 d6 11.O-O Nbd7 12.a4 a6 13.Rd1 Re8 14.Nf3 b5 15.axb5 axb5
16.Rxa8 Qxa8 17.Nxb5 Nxd5 18.Rxd5 Bxd5 19.Nc7 Be4 20.Qc4 d5 21.Qb5 Qc8 22.Nxe8 Qxe8
23.Ne5 Nf6 24.Qxe8+ Nxe8 25.Bxe4 dxe4 26.Be3 Nc7 27.Nd7 Na6 28.f3 exf3 29.exf3 f5
30.Kf2 Kf7 31.Ke2 Ke6 32.Nb6 Nb4 33.b3 Nd5 34.Nxd5 Kxd5 35.Kd3 h5 36.h3 g5
37.g4 hxg4 38.hxg4 fxg4 39.fxg4 Bf6 40.Bd2 Be7 41.Bc3 Bd8 42.Bg7 Be7 43.Bc3 Bd8
44.Bg7 Be7 45.Bc3 Bd8 46.Bg7 Be7  1/2-1/2

[Event "Copenhagen op15"]
[Site "Copenhagen"]
[Date "1993.??.??"]
[Round "10"]
[White "Nielsen, Peter Heine"]
[Black "Bagirov, Vladimir"]
[Result "0-1"]
[WhiteElo "2440"]
[BlackElo "2530"]

1.e4 Nf6 2.e5 Nd5 3.d4 d6 4.Nf3 dxe5 5.Nxe5 g6 6.Bc4 c6 7.Nd2 Nd7 8.Nd3 Bg7
9.Nf3 a5 10.a4 N7b6 11.Bb3 Bg4 12.c3 Nd7 13.h3 Bxf3 14.Qxf3 e6 15.O-O O-O
16.Re1 Qb6 17.Bc4 Rfe8 18.Bg5 Qc7 19.Bh4 Qd6 20.Bg3 Qf8 21.Re2 Qe7 22.Rae1 Qf6
23.Qe4 Qf5 24.Qxf5 gxf5 25.Bh2 h5 26.Nf4 N7f6 27.Nxd5 Nxd5 28.Ra1 Bf8 29.Ree1 Kh7
30.Bd3 h4 31.g4 hxg3 32.fxg3 Kg8 33.g4 fxg4 34.hxg4 Red8 35.g5 Bd6 36.Bxd6 Rxd6
37.Kf2 Nf4 38.Bf1 Kg7 39.Re4 Ng6 40.Bc4 Rh8 41.Rg1 Rdd8 42.Bb3 c5 43.Rg2 cxd4
44.cxd4 Ne7 45.Kg1 Rd6 46.d5 Nxd5 47.g6 f5 48.Rd4 Rh6 49.Bxd5 Rxd5 50.Rxd5 exd5
51.Rd2 Rxg6+ 52.Kf2 Rd6 53.Ke3 d4+ 54.Kd3 Kf6 55.Rf2 Ke5 56.Re2+  0-1

[Event "Arnold Cup"]
[Site "Gausdal"]
[Date "1993.??.??"]
[Round "4"]
[White "Giddins, Stephen"]
[Black "Nielsen, Peter Heine"]
[Result "1-0"]
[WhiteElo "2255"]
[BlackElo "2440"]

1.d4 Nf6 2.c4 e6 3.Nc3 Bb4 4.e3 O-O 5.Bd3 d5 6.Nf3 c5 7.O-O b6 8.cxd5 exd5
9.dxc5 bxc5 10.Ne2 Nbd7 11.b3 Bb7 12.Bb2 Qe7 13.Ng3 Rfd8 14.Nf5 Qf8 15.Ne5 g6
16.Nxd7 Nxd7 17.a3 Ba5 18.Bg7 Qxg7 19.Nxg7 Kxg7 20.Qe2 Nf6 21.Rac1 Bb6 22.h3 d4
23.exd4 cxd4 24.Rfe1 Re8 25.Qd2  1-0

[Event "Arnold Cup"]
[Site "Gausdal"]
[Date "1993.??.??"]
[Round "6"]
[White "Bellin, Jana"]
[Black "Nielsen, Peter Heine"]
[Result "1/2-1/2"]
[WhiteElo "2180"]
[BlackElo "2440"]

1.d4 d5 2.Nf3 Nf6 3.Bg5 c6 4.e3 Qb6 5.Qc1 Bf5 6.Be2 Nbd7 7.O-O e6 8.Nbd2 h6
9.Bh4 Be7 10.Bd3 Bxd3 11.cxd3 O-O 12.Qc3 a5 13.Ne5 Nxe5 14.dxe5 Bb4 15.Qc2 Nd7
16.Nf3 Rfc8 17.Qe2 a4 18.h3 a3 19.Rab1 Qc7 20.d4 Nb8 21.Nh2 c5 22.bxa3 Bxa3
23.dxc5 Bxc5 24.Rfc1 Nd7 25.Be7 b6 26.Bd6 Qd8 27.Nf3 Bxd6 28.exd6 Qf8 29.Rxc8 Rxc8
30.Qa6 Rb8 31.a4 Nc5 32.Qb5 Ne4 33.Qb4 Qxd6 34.a5 Qxb4 35.Rxb4 b5 36.Nd4 Nd6
37.a6 Ra8 38.Nxb5 Nxb5 39.Rxb5 Rxa6 40.h4 h5 41.Rb7 g6 42.g3 Kg7 43.Rd7 Kf6
44.Kg2 Ra2 45.Kf3 Rd2 46.Kg2 e5 47.Kf1 Ke6 48.Ra7 Rc2 49.Ra6+ Kd7 50.Rf6 Ke7
51.Ra6 Rc7 52.Ke2 Rd7 53.Kd3 Rd6 54.Ra7+ Ke6 55.Rb7 f6 56.e4 Ra6 57.exd5+ Kxd5
58.Rb5+ Ke6 59.Ke3 Kf5 60.Kf3 Ra3+ 61.Kg2 g5 62.hxg5 fxg5 63.Rb8 h4 64.gxh4 gxh4
65.Rh8 Kg5 66.Rg8+ Kf4 67.Rf8+ Ke4 68.Rh8 h3+ 69.Kf1 Kf5 70.Rf8+ Ke4 71.Rh8 Ra1+
72.Ke2 Rh1 73.Rh4+ Kd5 74.Rh5 Kd4 75.Rh4+ e4 76.Rh8 h2 77.Rd8+ Kc5 78.Rc8+ Kd6
79.Rd8+ Kc7  1/2-1/2

[Event "Katowice op"]
[Site "Katowice"]
[Date "1993.??.??"]
[Round "1"]
[White "Nielsen, Peter Heine"]
[Black "Radzikowska, Krystyna"]
[Result "1-0"]
[WhiteElo "2440"]
[BlackElo "2065"]

1.e4 Nf6 2.e5 Nd5 3.d4 d6 4.Nf3 Bg4 5.Be2 c6 6.c4 Nc7 7.O-O Bxf3 8.Bxf3 dxe5
9.dxe5 Qxd1 10.Rxd1 Nd7 11.Bf4 h5 12.Re1 Ne6 13.Bd2 Nd4 14.Bd1 e6 15.Bc3 Nf5
16.Bc2 g6 17.Nd2 Be7 18.Rad1 O-O-O 19.Nf3 Nb6 20.b3 Rxd1 21.Rxd1 Rd8 22.Rxd8+ Kxd8
23.g3 Ke8 24.Kf1 Nd7 25.Ke2 Nh6 26.h3 Ba3 27.Nd2 Nf5 28.g4 hxg4 29.hxg4 Nh6
30.f3 Be7 31.b4 Ng8 32.a3 a5 33.Nb3 axb4 34.axb4 c5 35.b5 b6 36.Nd2 Bd8 37.Ne4 Ne7
38.f4 Kf8 39.Nf6 Nxf6 40.exf6 Nc8 41.Be5 Ke8 42.Be4 Na7 43.Bc6+ Kf8 44.Bd7 Kg8
45.Kf3 Kf8 46.f5 exf5 47.gxf5 gxf5 48.Bxf5 Ke8 49.Ke4 Kf8 50.Kd5 Ke8 51.Kd6  1-0

[Event "Katowice op"]
[Site "Katowice"]
[Date "1993.??.??"]
[Round "2"]
[White "Walek, Milan"]
[Black "Nielsen, Peter Heine"]
[Result "1/2-1/2"]
[WhiteElo "2280"]
[BlackElo "2440"]

1.e4 e5 2.Bc4 Nf6 3.d3 Bc5 4.Nc3 d6 5.Be3 Be6 6.Bb3 O-O 7.Nf3 Nbd7 8.O-O Kh8
9.Qe2 Qe7 10.Kh1 a6 11.Rae1 Bb4 12.Ng5 h6 13.Nxe6 fxe6 14.f4 exf4 15.Rxf4 a5
16.a3 Bxc3 17.bxc3 a4 18.Ba2 d5 19.e5 Nh7 20.Rxf8+ Rxf8 21.Bc1 Qc5 22.Bb2 Rf2
23.Qd1 Kg8 24.d4 Qc6 25.Kg1 Rf8 26.c4 dxc4 27.c3 Nb6 28.Bb1 Nd5 29.Qc2 Rf5
30.Bc1 Nf8 31.Qb2 Rf7 32.Be4 b5 33.Bd2 Qd7 34.g3 c6 35.Kg2 Qe7 36.Bc1 Qe8
37.Qc2 Ne7 38.Re2 Nfg6 39.Rf2 Rxf2+ 40.Qxf2 Nd5 41.Qf3 Nge7 42.g4 Qf7 43.Qg3 Kf8
44.h4 h5 45.Bd2 hxg4 46.Qxg4 Nf5 47.Kg1 Ke8 48.h5 Kd7 49.Kh2 Nfe3 50.Bxe3 Nxe3
51.Qg5 Nd5 52.Bxd5 cxd5 53.Kg2 Qe7 54.Qg6 Kc6 55.Kg3 Kb6 56.Kg4 Ka5 57.Qh7 Qxa3
58.Qxg7 Qxc3 59.Qa7+ Kb4 60.h6 a3 61.h7 a2 62.Qxa2 Qxd4+ 63.Kg5 Qxe5+ 64.Kg6 c3
65.Kf7 Qc7+ 66.Kg6 c2 67.Qb2+ Ka5 68.Qa1+ Kb6 69.Qg1+ Kb7 70.Qc1 Qg3+ 71.Kf7 Qf3+
72.Ke7 Qd1 73.Qb2 c1=Q 74.Qxb5+ Kc7 75.Qa5+ Kc6 76.Qa6+ Kc5 77.h8=Q Qdd2
78.Qd6+ Kc4 79.Qc8+ Kb3 80.Qb6+ Ka2 81.Qcxe6 Qg5+ 82.Kd7 Qg7+ 83.Kd6 Qa3+
84.Kxd5 Qb3+ 85.Qxb3+ Kxb3  1/2-1/2

[Event "Katowice op"]
[Site "Katowice"]
[Date "1993.??.??"]
[Round "3"]
[White "Nielsen, Peter Heine"]
[Black "Arkhangelsky, Mikhail"]
[Result "1-0"]
[WhiteElo "2440"]
[BlackElo "2295"]

1.e4 e6 2.d4 d5 3.Nd2 c5 4.exd5 exd5 5.Ngf3 Nf6 6.Bb5+ Bd7 7.Bxd7+ Nbxd7
8.O-O Be7 9.dxc5 Nxc5 10.Nb3 Nce4 11.Nfd4 Qd7 12.Qf3 O-O 13.Qf5 Rfc8 14.Qxd7 Nxd7
15.Rd1 Nb6 16.Nf5 Bf8 17.Ne3 g6 18.c3 Nf6 19.a4 Nc4 20.a5 Rd8 21.a6 b5 22.Nd4 Rdb8
23.Nc6 Rb6 24.Nb4 Bxb4 25.cxb4 Rd8 26.Nxc4 bxc4 27.Be3 Rxb4 28.Bxa7 Ne4 29.f3 Ng5
30.Bc5 Rbb8 31.Be7  1-0

[Event "Katowice op"]
[Site "Katowice"]
[Date "1993.??.??"]
[Round "9"]
[White "Ryskin, Alexander"]
[Black "Nielsen, Peter Heine"]
[Result "0-1"]
[WhiteElo "2505"]
[BlackElo "2440"]

1.d4 Nf6 2.c4 e6 3.Nc3 Bb4 4.Qc2 d5 5.cxd5 exd5 6.Bg5 h6 7.Bh4 c5 8.dxc5 Nc6
9.Rd1 g5 10.Bg3 Ne4 11.f3 Nxg3 12.hxg3 Qc7 13.e3 Qxg3+ 14.Qf2 Qc7 15.Rxd5 Be6
16.Rd2 Bxc5 17.Nge2 Rd8 18.Nd4 Nxd4 19.exd4 Bb4 20.Qe3 Kf8 21.Be2 Kg7 22.f4 Bd6
23.g3 gxf4 24.Qf3 fxg3 25.d5 Bc8 26.Rd4 f5 27.Rc4 Qe7 28.Kd1 Bd7 29.Bd3 Rdf8
30.Rh5 Qe5 31.Ne2 Rf6 32.Nf4 b5 33.Qxg3+ Kf7 34.Re4 Qxb2 35.Re6 Rg8 36.Rxf6+ Qxf6
37.Qe3 Qa1+ 38.Ke2 Qxa2+ 39.Kf3 Bxf4 40.Kxf4 Re8  0-1

[Event "Minsk"]
[Site "Minsk"]
[Date "1993.??.??"]
[Round "?"]
[White "Nielsen, Peter Heine"]
[Black "Zaitsev, Igor A"]
[Result "1-0"]
[WhiteElo "2440"]
[BlackElo "2450"]

1.e4 e5 2.Nf3 Nc6 3.Bb5 a6 4.Ba4 Nf6 5.O-O Be7 6.Re1 b5 7.Bb3 d6 8.c3 O-O
9.h3 a5 10.d4 a4 11.Bc2 Bd7 12.Nbd2 Re8 13.Nf1 Bf8 14.Ng3 g6 15.Bd3 Qb8 16.Bg5 Bg7
17.Qd2 Nd8 18.Bc2 Ne6 19.Be3 c6 20.Rad1 Re7 21.Bb1 Ne8 22.Ng5 Nxg5 23.Bxg5 f6
24.Be3 Be6 25.h4 Qc8 26.h5 Rb8 27.hxg6 hxg6 28.f4 exf4 29.Bxf4 Bf7 30.Qf2 Qg4
31.Nf1 Rd8 32.Rd3 Nc7 33.Nh2 Qd7 34.Rh3 Ne6 35.Ng4 f5 36.Nh6+ Kf8 37.Bd2 fxe4
38.Bxe4 Rde8 39.Rf1 Nd8 40.Bd3 Qe6 41.Bg5 Qxa2 42.Bxe7+ Rxe7 43.Bxg6 Bxh6
44.Rxh6 Qe6 45.Qh4 Qe3+ 46.Kh2  1-0

[Event "Minsk"]
[Site "Minsk"]
[Date "1993.??.??"]
[Round "?"]
[White "Nielsen, Peter Heine"]
[Black "Rotstein, Arkadij"]
[Result "1/2-1/2"]
[WhiteElo "2440"]
[BlackElo "2465"]

1.e4 c5 2.Nc3 e6 3.Nge2 a6 4.g3 b5 5.Bg2 Bb7 6.O-O b4 7.Nb1 d6 8.d3 Nf6 9.f4 Qc7
10.c4 bxc3 11.Nbxc3 Nc6 12.f5 e5 13.h3 h5 14.Bg5 Nd4 15.Qd2 Be7 16.Rfc1 Qd8
17.Bh4 Rb8 18.b3 a5 19.Na4 Ba6 20.Nec3 Bb7 21.Nb2 Nd7 22.Nc4 Nf6 23.Qf2 Ra8
24.Re1 Qc7 25.Qd2 Nd7 26.Kh2 Bxh4 27.gxh4 Nf6 28.Re3 Ke7 29.Rg3 Rh7 30.Qd1 Bc6  1/2-1/2

[Event "Minsk"]
[Site "Minsk"]
[Date "1993.??.??"]
[Round "?"]
[White "Nielsen, Peter Heine"]
[Black "Kruppa, Yuri"]
[Result "1/2-1/2"]
[WhiteElo "2440"]
[BlackElo "2475"]

1.e4 e5 2.Nf3 Nc6 3.Bb5 a6 4.Bxc6 dxc6 5.O-O Ne7 6.Nxe5 Qd4 7.Qh5 g6 8.Qg5 Bg7
9.Nd3 f5 10.e5 c5 11.b3 h6 12.Qe3 f4 13.Qxd4 cxd4 14.Nxf4 Bxe5 15.d3 Kf7
16.Ne2 Nd5 17.Nd2 c5 18.Ne4 b6 19.Bd2 Bg4 20.N2g3 Bc7 21.Rfe1 a5 22.a4 Rad8
23.f3 Bc8 24.Re2 Rde8 25.Rae1 Bb7 26.Kf1 Bb8 27.Nf2 Rxe2 28.Rxe2 Bc8 29.Nge4 Kg7
30.g3 Rf8 31.Kg2 Re8 32.Nc3 Rxe2 33.Nxe2 g5 34.h4 gxh4 35.g4 Bc7 36.Kh3 Bd8
37.Nf4 Nxf4+ 38.Bxf4 Kg6 39.Ne4 h5 40.Bd2 hxg4+ 41.fxg4 Bb7 42.Be1 c4 43.Nd6 cxd3
44.cxd3 Bf3 45.Nc4 Be2 46.Bxh4 Bf1+ 47.Kg3 Bc7+ 48.Kf3 Bxd3  1/2-1/2

[Event "Minsk"]
[Site "Minsk"]
[Date "1993.??.??"]
[Round "?"]
[White "Maljutin, Evgeni"]
[Black "Nielsen, Peter Heine"]
[Result "1/2-1/2"]
[WhiteElo "2505"]
[BlackElo "2440"]

1.e4 c5 2.f4 d5 3.exd5 Nf6 4.Bb5+ Bd7 5.Bxd7+ Qxd7 6.c4 e6 7.Qe2 Bd6 8.f5 O-O
9.fxe6 fxe6 10.dxe6 Qc8 11.Nf3 Re8 12.O-O Rxe6 13.Qd1 Nc6 14.d3 Qd7 15.Nc3 h6
16.Nd5 Rae8 17.Bd2 Bb8 18.Qb3 Rd6 19.Rae1 Rxe1 20.Nxf6+ Rxf6 21.Bxe1 Rd6
22.Rf2 Rxd3 23.Rd2 Rxb3 24.Rxd7 Rxb2 25.Bc3 Rb1+ 26.Kf2 g5 27.Nd2 Rc1 28.Ne4 Be5
29.Bxe5 Nxe5 30.Nf6+ Kf8 31.Nh7+ Ke8 32.Nf6+ Kf8 33.Nh7+ Kg8 34.Nf6+ Kf8  1/2-1/2

[Event "Minsk"]
[Site "Minsk"]
[Date "1993.??.??"]
[Round "?"]
[White "Golod, Vitali"]
[Black "Nielsen, Peter Heine"]
[Result "1/2-1/2"]
[WhiteElo "2485"]
[BlackElo "2440"]

1.e4 e5 2.Nf3 Nc6 3.d4 exd4 4.Nxd4 Nf6 5.Nxc6 bxc6 6.e5 Ne4 7.Bd3 Nc5 8.O-O d6
9.Bf4 Ne6 10.Qf3 Nxf4 11.Qxf4 Be7 12.Nc3 O-O 13.Qe4 g6 14.Qxc6 Rb8 15.exd6 Bxd6
16.Ne4  1/2-1/2

[Event "Minsk"]
[Site "Minsk"]
[Date "1993.??.??"]
[Round "?"]
[White "Gipslis, Aivars"]
[Black "Nielsen, Peter Heine"]
[Result "1/2-1/2"]
[WhiteElo "2490"]
[BlackElo "2440"]

1.e4 e5 2.Nf3 Nc6 3.Bc4 Bc5 4.c3 Nf6 5.d3 a6 6.O-O Ba7 7.Nbd2 O-O 8.Bb3 d6
9.Re1 Nh5 10.Nf1 Qf6 11.Bg5 Qg6 12.Qd2 h6 13.Be3 Bxe3 14.Nxe3 Nf4 15.g3 Be6
16.Nh4 Qg5 17.Kh1 Bxb3 18.axb3 Ng6 19.Nhf5 Nce7 20.f4 exf4 21.gxf4 Qxf4 22.Rf1 Qe5
23.Ng4 Qe6 24.Nfxh6+ gxh6 25.Nf6+ Kg7 26.Nh5+ Kh7 27.Nf6+  1/2-1/2

[Event "Pinsk"]
[Site "Pinsk"]
[Date "1993.??.??"]
[Round "?"]
[White "Kharitonov, Andrei Y"]
[Black "Nielsen, Peter Heine"]
[Result "1/2-1/2"]
[WhiteElo "2530"]
[BlackElo "2465"]

1.d4 Nf6 2.Nf3 e6 3.g3 d5 4.Bg2 Be7 5.O-O O-O 6.c4 dxc4 7.Qc2 a6 8.Qxc4 b5
9.Qc2 Bb7 10.Bg5 Nbd7 11.Nbd2 c5 12.dxc5 Nxc5 13.Bxf6 gxf6 14.Rad1 Qb6 15.Ne1  1/2-1/2

[Event "Pinsk"]
[Site "Pinsk"]
[Date "1993.??.??"]
[Round "?"]
[White "Ryskin, Alexander"]
[Black "Nielsen, Peter Heine"]
[Result "0-1"]
[WhiteElo "2515"]
[BlackElo "2465"]

1.d4 Nf6 2.c4 e6 3.Nc3 Bb4 4.e3 c5 5.Bd3 Nc6 6.a3 Bxc3+ 7.bxc3 b6 8.Ne2 O-O
9.O-O Ba6 10.e4 Ne8 11.f4 f5 12.Ng3 g6 13.Re1 Na5 14.exf5 exf5 15.dxc5 bxc5
16.Be3 d6 17.Bf2 Qd7 18.Bxf5 gxf5 19.Qd5+ Kh8 20.Bxc5 Nc6 21.Nh5 Bb7 22.Rab1 Rf7
23.Bd4+ Nxd4 24.Qxd4+ Ng7 25.Rb2 Raf8 26.Re3 Be4 27.Rg3 Qc7 28.Rb5 h6 29.c5 dxc5
30.Rxc5 Qd7 31.Nxg7 Qxd4+ 32.cxd4 Rxg7 33.Rxg7 Kxg7 34.Kf2 Rf7 35.h3 h5 36.Kg3 Kg6
37.Ra5 Kh7 38.Ra6 Rg7+ 39.Kh4 Bxg2 40.Ra5 Rf7 41.d5 Rd7 42.d6 Kg6 43.Ra6 Kf6
44.Ra5 Bf1 45.Rd5 a6 46.Rd1 Bg2 47.Rd2 Be4 48.Rd4 Bc6 49.Rd2 Ke6 50.Rd3 Rxd6
51.Rxd6+ Kxd6 52.Kxh5 Kd5  0-1

[Event "Pinsk"]
[Site "Pinsk"]
[Date "1993.??.??"]
[Round "?"]
[White "Nielsen, Peter Heine"]
[Black "Svistunov, K."]
[Result "1-0"]
[WhiteElo "2465"]
[BlackElo "2490"]

1.c4 e5 2.Nc3 Nc6 3.Nf3 g6 4.g3 Bg7 5.Bg2 d6 6.d3 f5 7.O-O Nf6 8.Rb1 a5 9.Bg5 h6
10.Bxf6 Qxf6 11.a3 Be6 12.Nd2 h5 13.Nd5 Qf7 14.b4 axb4 15.axb4 h4 16.b5 Nd8
17.b6 cxb6 18.Rxb6 hxg3 19.hxg3 e4 20.dxe4 Bd4 21.Rb3 Bxd5 22.exd5 Qh7 23.Nf3 Bc5
24.Qc2 Qh5 25.e3 b6 26.Rbb1 Nf7 27.Ra1 Rd8 28.Qb2 Ne5 29.Rfd1 f4 30.exf4 Nxf3+
31.Bxf3 Qxf3 32.Qxh8+  1-0

[Event "Pinsk"]
[Site "Pinsk"]
[Date "1993.??.??"]
[Round "?"]
[White "Nielsen, Peter Heine"]
[Black "Kiselev, Sergey"]
[Result "1/2-1/2"]
[WhiteElo "2465"]
[BlackElo "2470"]

1.c4 e6 2.g3 Nf6 3.Nf3 d5 4.Bg2 dxc4 5.Qa4+ Nbd7 6.Qxc4 c5 7.Qb3 Rb8 8.d3 Bd6
9.a4 b6 10.Na3 a6 11.Nc4 Bc7 12.Bd2 O-O 13.O-O Bb7 14.Rfc1 Qe7 15.Qa3 b5
16.Ba5 Bxa5 17.Nxa5 Bd5 18.axb5 axb5 19.e4 Ba8 20.Qc3 Rfc8 21.b3 Qd8 22.Ra2 h6
23.Rac2 Nb6 24.Qd2 Qe7  1/2-1/2

[Event "Pinsk"]
[Site "Pinsk"]
[Date "1993.??.??"]
[Round "?"]
[White "Nielsen, Peter Heine"]
[Black "Ginsburg, Gennadij"]
[Result "1-0"]
[WhiteElo "2465"]
[BlackElo "2435"]

1.e4 c5 2.Nf3 d6 3.d4 cxd4 4.Nxd4 Nf6 5.Nc3 a6 6.Be2 e6 7.O-O Be7 8.f4 Qc7
9.Kh1 O-O 10.a4 Rd8 11.Qe1 Nc6 12.Be3 Rb8 13.Qf2 b6 14.e5 Ne8 15.Nxc6 Qxc6
16.Bd3 f5 17.exf6 Nxf6 18.Qe2 Ra8 19.Bd4 Rf8 20.Rf3 d5 21.Rh3 g6 22.f5 gxf5
23.Bxf5 Rf7 24.Bd3 Bb7 25.Rg3+ Kh8 26.Re3 Bc8 27.Rf1 Bd7 28.Qh5 Kg8 29.Rg3+ Kf8
30.Qh6+ Ke8  1-0

[Event "Pinsk"]
[Site "Pinsk"]
[Date "1993.??.??"]
[Round "?"]
[White "Nielsen, Peter Heine"]
[Black "Balashov, Yuri S"]
[Result "1/2-1/2"]
[WhiteElo "2465"]
[BlackElo "2520"]

1.e4 c5 2.c3 e6 3.Nf3 d5 4.exd5 exd5 5.d4 Nc6 6.Bb5 Bd6 7.dxc5 Bxc5 8.O-O Ne7
9.Nbd2 O-O 10.Nb3 Bb6 11.Re1 Bg4 12.Be3 Ng6 13.h3 Bxe3 14.Rxe3  1/2-1/2

[Event "Rilton Cup op9394"]
[Site "Stockholm"]
[Date "1993.??.??"]
[Round "1"]
[White "Hjelm, Niclas"]
[Black "Nielsen, Peter Heine"]
[Result "1/2-1/2"]
[WhiteElo "2255"]
[BlackElo "2465"]

1.e4 e5 2.Nf3 Nc6 3.Nc3 Nf6 4.d4 exd4 5.Nxd4 Bb4 6.Nxc6 bxc6 7.Bd3 d5 8.exd5 cxd5
9.O-O O-O 10.Bg5 c6 11.Ne2 Bd6 12.Nd4 Bd7 13.c3 h6 14.Bh4 Re8 15.Bf5 Be5
16.Qf3 Rb8 17.Rab1 Bxd4 18.Bxd7 Qxd7 19.cxd4 Ne4 20.Qd3 Qg4 21.Bg3 Nxg3 22.fxg3 Re4
23.Qc3 Re2 24.Rfe1 Rbe8 25.Rxe2 Rxe2 26.Qd3 Qe6 27.Kf1 Re3 28.Qc2 Qf6+ 29.Kg1 Qxd4
30.Kh1 c5 31.Rf1 Re4 32.h3 c4 33.Rd1 Qe5 34.Kh2 Re2 35.Rxd5 Rxc2 36.Rxe5 Rxb2
37.Ra5 c3 38.Rxa7 c2 39.Ra8+ Kh7 40.Rc8 Rxa2 41.g4 Kg6 42.Rc6+ f6 43.Kg3 Kf7
44.Kf4 Ke7 45.Kf5 Kd7 46.Rc3 Ra5+ 47.Ke4 Ra4+ 48.Kf5 Ra5+ 49.Ke4 Ra4+ 50.Kf5 Ra5+  1/2-1/2

[Event "Rilton Cup op9394"]
[Site "Stockholm"]
[Date "1993.??.??"]
[Round "2"]
[White "Nielsen, Peter Heine"]
[Black "Adahl, Mattias"]
[Result "1-0"]
[WhiteElo "2465"]
[BlackElo "2205"]

1.e4 e5 2.Nf3 f5 3.Nxe5 Qf6 4.d4 d6 5.Nc4 fxe4 6.Be2 d5 7.Ne3 Be6 8.O-O Qd8
9.c4 dxc4 10.d5 Bf7 11.Nc3 Nf6 12.Qc2 Bg6 13.Bxc4 Bd6 14.Nb5 O-O 15.Nd4 Nbd7
16.Ne6 Qe7 17.b3 Rfe8 18.Bb2 Kh8 19.Rad1 Ne5 20.Kh1 Nfg4 21.h3 Qh4 22.Nxg4 Nxg4
23.Nxg7 Ne5 24.Ne6 Rf8 25.Qd2 h6 26.f4 exf3 27.Nxf8 Rxf8 28.gxf3 Kh7 29.Qg2 Bf5
30.Rg1 Ng4 31.fxg4 Rg8 32.Bd3 Bxd3 33.Rxd3 h5 34.Qe4+ Rg6 35.Rf3 hxg4 36.Rf7+ Kh6
37.Bc1+  1-0

[Event "Rilton Cup op9394"]
[Site "Stockholm"]
[Date "1993.??.??"]
[Round "6"]
[White "Nielsen, Peter Heine"]
[Black "Bator, Robert"]
[Result "1-0"]
[WhiteElo "2465"]
[BlackElo "2380"]

1.c4 e5 2.Nc3 Nf6 3.Nf3 Nc6 4.g3 Bc5 5.Bg2 d6 6.O-O Bg4 7.a3 a5 8.d3 Qd7
9.Bg5 Nh5 10.Kh1 h6 11.Bd2 Nf6 12.Ng1 h5 13.h4 Nd4 14.b4 Ba7 15.Bxb7 Rb8
16.Bg2 Nh7 17.Nb5 Nxb5 18.cxb5 Rxb5 19.Rc1 c5 20.bxc5 Bxc5 21.a4 Rb6 22.Bxa5 Ra6
23.Bc3 Qe7 24.Rb1 O-O 25.d4 exd4 26.Bxd4 Qe6 27.Nf3 Bh3 28.Rb5 Bxd4 29.Qxd4 Bxg2+
30.Kxg2 Nf6 31.e3 Rfa8 32.Ra1 Qg4 33.a5 Qxd4 34.Nxd4 Ne4 35.Rxh5 Nc5 36.Rd5 g6
37.Nb5 Rxa5 38.Rxa5 Rxa5 39.Nxd6 Nb3 40.Rxa5 Nxa5 41.Kf3 Nc6 42.g4 Kg7 43.g5 f5
44.h5 Ne5+ 45.Kg3 Ng4 46.Ne8+ Kf8 47.h6 Ne5 48.h7 Nf7 49.Nd6 Nh8 50.Kf4 Kg7
51.Ke5 Kxh7 52.Kf6 Kg8 53.Nxf5 gxf5 54.g6 Kf8 55.g7+  1-0

[Event "Rilton Cup op9394"]
[Site "Stockholm"]
[Date "1993.??.??"]
[Round "9"]
[White "Akesson, Ralf"]
[Black "Nielsen, Peter Heine"]
[Result "1/2-1/2"]
[WhiteElo "2465"]
[BlackElo "2465"]

1.Nf3 Nf6 2.c4 e6 3.g3 c5 4.Bg2 Be7 5.d4 d5 6.cxd5 Nxd5 7.O-O O-O 8.e4 Nb6
9.dxc5 Qxd1 10.Rxd1 Bxc5 11.Nc3 Nc6 12.e5 Bd7 13.Ne4 Be7 14.Be3 Rfd8 15.Bc5 Nd5
16.Bxe7 Ncxe7 17.Nd6 Rab8 18.Ng5 h6 19.Nge4 Nc8 20.Nc4 Bb5 21.b3 Nce7 22.Ned6 Ba6
23.Rac1 b6 24.Rd2 Bxc4 25.bxc4 Nb4 26.Rcd1 Nbc6 27.f4 Na5 28.Bf1 Nb7 29.Bg2 Nc5
30.Kf2 Kf8 31.Rd4 Rd7 32.g4 Rbd8 33.Ke3 g5 34.Be4 Nxe4  1/2-1/2